000 00502nam a2200205Ia 4500
003 0100
008 130307s9999 xx 000 0 und d
040 _cARRUPELIB
050 _aB765.T531 1947
100 _aAquinas, St. Thomas
245 _aSumma theologica
250 _aFirst complete American edition
260 _aNew York
260 _bBenziger Brothers
260 _c1947
300 _a3v.
650 _aPHILOSOPHY
700 _aFathers of the English Dominican Province
942 0 0 _04
999 _c95130
_d95130